1211 1885 1713 1267 1381 1532 1611 1032 1964 1644 1649 1433 1205 1831 1352 1359 1048 1337 1394 1203 2000 1800 1703 1255 1041 1269 1272 1120 1800 1217 1130 1714 1821 1940 1656 1991 1880 1265 1623 1248 1420 1353 1220 1169 1426 1170 1964 1735 1936 1999 1819 1246 1781 1281 1031 1067 1046 1143 1895 1285 1700 1877 1340 1447 1286 1867 1436 1803 1623 1619 1613 1105 1107 1925 1562 1323 1665 1925 1812 1280 1818 1202 1259 1469 1088 1537 1775 1360 1892 1885 1494 1715 1408 1163 1012 1316 1591 1083 1524 BCNSPRNW ULIB Ver.6.0+V

เปลี่ยนเป็นภาษาไทย

Change to English
 แสดงรายละเอียดบรรณานุกรม
  กลับหน้าหลัก

Brief Record : Get Marc (ISO 2709) : E-mail record : QR code < ปิดหน้าต่าง
LEADER : 00000nas 2200000uu 4500
001    13399122287
003     ULIB
008    130204s2555||||th 000 0 tha d
022    ^a08591954
110    ^aโรงพยาบาลจิตเวชนครราชสีมาราชนครินทร์
245    ^aวารสารโรงพยาบาลจิตเวชนครราชสีมาราขนครินทร์ /^cโรงพยาบาลจิตเวชนครราชสีมาราชนครินทร์
260    ^aนครราชสีมา :^bโรงพยาบาลจิตเวชนครราชสีมาราชนครินทร์,^cม.ป.ป.
310    ^aราย 6 เดือน
850    ^aปีที่ 12
945    ^p0^l0^i901047
999    ^aเกษร
รายการนี้ยังไม่มีแท็ก
คุณยังไม่ได้ล็อกอิน คุณสามารถมีกิจกรรมร่วมกับเว็บไซต์ได้ แต่ต้องล็อกอินก่อน ::
  ล็อกอิน

รายการสื่อสารสนเทศ (วารสาร)

ดูแบบ: กล่อง รายการ
ARRIVED
ปีที่ 12
สถานที่: ห้องสมุดวิทยาเขตสวรรค์ประชารักษ์ >วารสาร

BibComment


ยังไม่เคยถูกคอมเมนท์

คอมเมนท์ทรัพยากรรายการนี้
  คอมเมนท์: วารสารโรงพยาบาลจ..


 Copyright 2026. Bcnsprnw @Library